banner koha

Comportamento do morcego hematofago (Desmodus rotundus)(Chiroptera)relacionado com a taxa de ataque a bovinos em cativeiro (Registro n. 120410)

MARC details
000 -LÍDER
campo de controle de tamanho fixo 01048nas a2200301 4500
001 - NÚMERO DE CONTROLE
campo de controle BR8704787
003 - IDENTIFICADOR DO NÚMERO DE CONTROLE
campo de controle BR-BrBNA
005 - DATA E HORÁRIO DA ÚLTIMA TRANSAÇÃO
campo de controle 20231205090719.0
007 - CAMPO FIXO DE DESCRIÇÃO FÍSICA--INFORMAÇÃO GERAL
campo de controle de tamanho fixo ta
008 - CAMPO DE DADOS FIXOS--INFORMAÇÃO GERAL
campo de controle de tamanho fixo 230509b bl.|||p| |||| 00| 00por d
040 ## - FONTE DA CATALOGAÇÃO
Instituição da catalogação original BR-BrBNA
Idioma da catalogação por
Instituição que transcreveu o registro Biblioteca Nacional de Agricultura
041 ## - CÓDIGO DE IDIOMA
Código do idioma do texto/trilha sonora ou título diferente (Pt)
072 ## - CÓDIGO DE CATEGORIA DE ASSUNTO
Código de Categoria de Assunto L72
100 1# - ENTRADA PRINCIPAL--NOME PESSOAL
Nome pessoal Piccinini, R.S.
100 1# - ENTRADA PRINCIPAL--NOME PESSOAL
Nome pessoal Peracchi, A.L.
100 1# - ENTRADA PRINCIPAL--NOME PESSOAL
Nome pessoal Souza, J.C.P.
100 1# - ENTRADA PRINCIPAL--NOME PESSOAL
Nome pessoal Albuquerque, S.T.
100 1# - ENTRADA PRINCIPAL--NOME PESSOAL
Nome pessoal Raimundo, S.D.L.
100 1# - ENTRADA PRINCIPAL--NOME PESSOAL
Nome pessoal Tannure, A.M.
100 1# - ENTRADA PRINCIPAL--NOME PESSOAL
Nome pessoal Furtado, L.L.
245 1# - TÍTULO
Título Comportamento do morcego hematofago (Desmodus rotundus)(Chiroptera)relacionado com a taxa de ataque a bovinos em cativeiro
246 1# - FORMA VARIANTE DO TÍTULO
Título/título abreviado Behavioral study of the vampire bat Desmodus rotundus (Chiroptera)related with the attack rate on cattle in captivity
650 ## - ASSUNTO--TERMO TÓPICO
Cabeçalho tópico ou nome geográfico BOVINO
650 ## - ASSUNTO--TERMO TÓPICO
Cabeçalho tópico ou nome geográfico MORCEGO HEMATOFAGO
773 0# - ENTRADA ANALÍTICA
Título Pesquisa Veterinaria Brasileira (Brazil)
ISSN - International Standard Serial Number ISSN 0100-736X
Partes relacionadas (Oct-Dec 1985), v. 5(4) p. 111-116
Número de controle do registro BR8704787
909 ## -
-- 202311
-- Lúcia
-- 55
-- Lúcia Elande
942 ## - ELEMENTOS DE ENTRADA ADICIONADOS (KOHA)
Fonte da classificação ou esquema de arquivamento na estante Classificação AGRIS
Ocultar no OPAC Não
Tipo de material Koha Analítica
Exemplares
Situação do descarte Fonte da classificação ou esquema de arquivamento na estante Situação física Não pode ser emprestado Biblioteca de origem Biblioteca atual Localização na estante Enumeração do periódico / cronologia Total de empréstimos Data de último acesso Número do exemplar Tipo de material Koha Fonte de aquisição
  Classificação AGRIS   Consulta local Biblioteca Nacional de Agricultura - Binagri Biblioteca Nacional de Agricultura - Binagri   (Oct-Dec 1985), v. 5(4) p. 111-116   29/11/2023 01 Periódicos Portaria Interministerial nº 164/94

BINAGRI

Telefone: (61)3218-2567/2388/3357/2097 - binagri@agro.gov.br

Ministério da Agricultura e Pecuária , Esplanada dos Ministérios, Bloco D, Anexo B, Brasília/DF, CEP: 70.043-900